000
00298nam a22001337a 4500
008
170310b xxu||||| |||| 00| 0 eng d
020
_a
0397472994
041
_a
eng
080
_2
3ED
_a
611
100
_a
6
101
_a
SHM
245
_a
BASIC PHYSIOLOGY AND ANATOMY
_c
CHAFFEE.E.E
942
_2
udc
_c
BK
999
_c
7411
_d
7411